Personnages de la saga Harry Potter (livres et films) - Statistiques

Statistiques générales
  • Ce quiz a été pris 143 fois
  • Le résultat moyen est 87 sur 155
Statistiques - réponses
Réponse % Correct
Harry Potter
100%
Hermione Granger
99%
Ron Weasley
98%
Fred Weasley
96%
George Weasley
96%
Albus Dumbledore
95%
Drago Malefoy
94%
Lord Voldemort
94%
Minerva McGonagall
94%
Ginny Weasley
93%
James Potter
92%
Molly Weasley
92%
Rubeus Hagrid
92%
Severus Rogue
92%
Sirius Black
92%
Lily Potter
91%
Lucius Malefoy
91%
Remus Lupin
90%
Cho Chang
89%
Katie Bell
89%
Neville Londubat
89%
Percy Weasley
88%
Arthur Weasley
87%
Luna Lovegood
87%
Dolores Ombrage
86%
Peter Pettigrow
86%
Cedric Diggory
85%
Fleur Delacour
85%
Bill Weasley
84%
Gregory Goyle
83%
Viktor Krum
83%
Vincent Crabbe
83%
Charlie Weasley
82%
Dudley Dursley
82%
Narcissa Malefoy
82%
Alastor Maugrey
81%
Bellatrix Lestrange
81%
Dobby
79%
Hedwige
79%
Petunia Dursley
78%
Vernon Dursley
76%
Nymphadora Tonks
75%
Gilderoy Lockhart
74%
Seamus Finnigan
74%
Dean Thomas
72%
Filius Flitwick
72%
Sibylle Trelawney
72%
Pomona Chourave
71%
Nick Quasi Sans Tête
70%
Quirinus Quirrell
70%
Barty Croupton Junior
69%
Barty Croupton Senior
69%
Helga Poufsouffle
68%
Buck
66%
Godric Gryffondor
66%
Pattenrond
66%
Rowena Serdaigle
66%
Salazar Serpentard
66%
Kreattur
65%
Renée Bibine
64%
Mimi Geignarde
63%
Padma Patil
63%
Parvati Patil
63%
Olivier Dubois
62%
Argus Rusard
61%
Lavande Brown
61%
Peeves
61%
Le Baron Sanglant
60%
Angelina Johnson
58%
Cornelius Fudge
58%
Horace Slughorn
58%
Igor Karkaroff
58%
Madame Pomfresh
58%
Tom Jedusor
58%
Nagini
57%
Crockdur
56%
Firenze
56%
Abelforth Dumbledore
55%
Colin Crivey
55%
La Dame Grise
54%
Pansy Parkinson
54%
Blaise Zabini
53%
Marge Dursley
53%
Olympe Maxime
53%
Regulus Black
53%
Xenophilius Lovegood
53%
Aragog
52%
Le Moine Gras
52%
La Grosse Dame
51%
Lee Jordan
49%
Touffu
49%
Fenrir Greyback
48%
Gabrielle Delacour
48%
Garrick Ollivander
48%
Ariana Dumbledore
47%
Gellert Grindelwald
47%
Amos Diggory
45%
Kingsley Shacklebolt
45%
Miss Teigne
45%
Winky
45%
Alice Londubat
44%
Frank Londubat
44%
Rita Skeeter
44%
Ted Tonks
44%
Arabella Figg
42%
Bathilda Tourdesac
40%
Coquecigrue
40%
Cuthbert Binns
40%
Alecto Carrow
39%
Fumseck
39%
Ludo Verpey
39%
Rufus Scrimgeour
39%
Elvis Marvolo Gaunt
38%
Stan Rocade
38%
Cormac McLaggen
37%
Gripsec
37%
Andromeda Tonks
36%
Wilhelmina Gobe Planche
36%
Amycus Carrow
35%
Ernie Danlmur
35%
Errol
35%
Dennis Crivey
34%
Ernie Macmillan
34%
Merope Gaunt
34%
Aurora Sinistra
33%
Graup
33%
Hannah Abbot
33%
Antonin Dolohov
32%
Bane
31%
Mondingus Fletcher
31%
Corban Yaxley
30%
Marcus Flint
30%
Elphias Doge
28%
Kendra Dumbledore
28%
Charity Burbage
27%
Trevor
27%
Phineas Nigellus Black
26%
Zacharias Smith
26%
Basilic
24%
Morfin Gaunt
24%
Nicolas Flamel
24%
Pénélope Deauclaire
22%
Madame Rosmerta
20%
Armando Dippet
19%
Chevalier du Catogan
19%
Marietta Edgecombe
18%
Mykew Gregorovitch
18%
Ronan
18%
Barjow
17%
Dedalus Diggle
17%
Michael Corner
16%
Eileen Prince
13%
Madame Guipure
13%
Choixpeau
12%
John Dawlish
12%
Aucun quiz correspondant
Distribution des résultats
% des personnes avec chaque résultat
Percentile par nombre de réponses
Votre historique - résultats
Vous n’avez pas pris ce quiz